El libro completo de las leyes de Murphy /

Na minha lista:
Detalhes bibliográficos
Autor principal: Bloch, Arthur (autor)
Formato: Livro
Idioma:espanhol
Publicado em: México : Diana, 1992, c1992
Tags: Adicionar Tag
Sem tags, seja o primeiro a adicionar uma tag!

MARC

LEADER 00000nam^a2200000^a^4500
001 000621197
005 20250924000000.0
009 20260310133854.208
020 |a 968-13-2297-5 
037 |a Acervo ITESO - Biblioteca 
041 |a ESP 
091 |a FOB. 01831 
100 |a Bloch, Arthur  |e (autor) 
245 1 3 |a El libro completo de las leyes de Murphy / 
264 4 |a México :  |b Diana,  |c 1992, c1992 
300 |a 206 p. 
336 |a texto  |b txt  |2 rdacontenido 
337 |a sin mediación  |b n  |2 rdamedio 
338 |a volumen  |b nc  |2 rdasoporte 
649 |a XX 
910 |a Fondo Carlos de Obeso Orendain 
920 |a Impresos - Libros 
930 |a Fondos Especiales 
905 |a 147 
901 |a 621197-10  |b IT2  |c ESP  |i D87070  |u 20250924 
902 |a https://opac.biblio.iteso.mx/vufind/Record/000621197